| 000 | 01078nam a2200289 a 4500 | ||
|---|---|---|---|
| 999 |
_c11684 _d11684 |
||
| 001 | 11684 | ||
| 003 | BD-JhCC | ||
| 005 | 20210301134020.0 | ||
| 008 | 200719b2019 bg |||| ||a| 000 0 ben d | ||
| 020 | _a9789849422211 | ||
| 035 | _a(BD-JhCC)11684 | ||
| 040 |
_aBD-JhCC _dBD-JhCC |
||
| 041 | _aben | ||
| 082 |
_a371.5 _bAJK 2019 |
||
| 245 |
_aআজকের বিতর্ক: _bপ্রতিযোগিতামূলক বিতর্কের আদ্যোপান্ত / _cসম্পা: এফ এইচ ইয়াসিন শাফি, শাফী আব্দুল্লাহ । |
||
| 260 |
_aঢাকা: _bইউনিভার্সিটি প্রেস লিমিটেড; _c২০১৯. |
||
| 300 |
_a288 p. : _c18 cm. |
||
| 650 | _aPresentation | ||
| 650 | _aTeaching | ||
| 650 | _aOral art | ||
| 650 | _aRecitation | ||
| 650 | _aNews presentation | ||
| 700 | _aশাফি, এফ এইচ ইয়াসিন | ||
| 700 | _aআব্দুল্লাহ, শাফী | ||
| 942 |
_2ddc _cBK _02 |
||